|
|
|
|
| LEADER |
00000nam0a2200000 4500 |
| 001 |
300615 |
| 005 |
20231102001323.0 |
| 020 |
|
|
|a RU
|b 82-91792
|
| 035 |
|
|
|a (RuTPU)RU\TPU\book\325768
|
| 090 |
|
|
|a 300615
|
| 100 |
|
|
|a 20150714d1982 k y0rusy5003 ca
|
| 101 |
0 |
|
|a rus
|
| 102 |
|
|
|a RU
|
| 105 |
|
|
|a a z 001zy
|
| 200 |
1 |
|
|a Технология бурения и испытания скважин в условиях подсолевых и рифогенных отложений
|e сборник научных трудов
|f Академия наук СССР (АН СССР), Институт геологии и разработки горючих ископаемых (ИГиРГИ) ; под ред. А. В. Ферштера
|
| 210 |
|
|
|a Москва
|c Изд-во ИГИРГИ
|d 1982
|
| 215 |
|
|
|a 92 с.
|c ил.
|
| 320 |
|
|
|a Библиогр. в конце ст.
|
| 606 |
1 |
|
|a Бурение
|x Оптимизация
|2 stltpush
|3 (RuTPU)RU\TPU\subj\30235
|9 53367
|
| 610 |
1 |
|
|a бурение на нефть
|
| 610 |
1 |
|
|a бурение на газ
|
| 610 |
1 |
|
|a скважины
|
| 610 |
1 |
|
|a испытание
|
| 610 |
1 |
|
|a рифогенные отложения
|
| 610 |
1 |
|
|a подсолевые отложения
|
| 610 |
1 |
|
|a буровые растворы
|
| 610 |
1 |
|
|a тампонажные растворы
|
| 610 |
1 |
|
|a осложнения
|
| 610 |
1 |
|
|a поглощения
|
| 610 |
1 |
|
|a реологические свойства
|
| 610 |
1 |
|
|a фильтрационные свойства
|
| 610 |
1 |
|
|a геофизические исследования
|
| 675 |
|
|
|a 622.24
|z rus
|v 3
|
| 702 |
|
1 |
|a Ферштер
|b А. В.
|g Абрам Вольфович
|4 340
|
| 712 |
0 |
2 |
|a Академия наук СССР (АН СССР)
|b Институт геологии и разработки горючих ископаемых (ИГиРГИ)
|c (Москва)
|c (1958-????)
|2 stltpush
|3 (RuTPU)RU\TPU\col\13483
|
| 801 |
|
0 |
|a RU
|b RuMRKP
|c 19950704
|g psbo
|
| 801 |
|
1 |
|a RU
|b 63413507
|c 20150714
|
| 801 |
|
2 |
|a RU
|b 63413507
|c 20190321
|g RCR
|
| 942 |
|
|
|c BK
|